Statistics for Say "Welcome" In Different Languages

Click here to take the quiz!

General Stats

  • This quiz has been taken 30 times
  • The average score is 3 of 6

Answer Stats

LanguageWelcome% Correct
EnglishWelcome
100%
FrenchBienvenu
68%
GermanWillkommen
68%
SpanishBienvenidos
50%
ItalianBenvenuto
36%
RomanianBine ati venit
14%

Score Distribution

Percentile by Number Answered

Percent of People with Each Score

Your Score History

You have not taken this quiz